<?xml version="1.0" encoding="UTF-8"?>
<collection xmlns="http://www.loc.gov/MARC21/slim">
<record>
  <controlfield tag="001">111120</controlfield>
  <controlfield tag="005">20220309093108.0</controlfield>
  <datafield tag="037" ind1=" " ind2=" ">
    <subfield code="a">TAZ-TFM-2018-185</subfield>
  </datafield>
  <datafield tag="041" ind1=" " ind2=" ">
    <subfield code="a">spa</subfield>
  </datafield>
  <datafield tag="100" ind1="1" ind2=" ">
    <subfield code="a">Ornaque Gómez, Lorena</subfield>
  </datafield>
  <datafield tag="242" ind1="0" ind2="0">
    <subfield code="a">Study of dietary habits in oncological pediatric patients</subfield>
  </datafield>
  <datafield tag="245" ind1="0" ind2="0">
    <subfield code="a">Estudio de los hábitos dietéticos del paciente oncológico pediátrico</subfield>
  </datafield>
  <datafield tag="260" ind1=" " ind2=" ">
    <subfield code="a">Zaragoza</subfield>
    <subfield code="b">Universidad de Zaragoza</subfield>
    <subfield code="c">2018</subfield>
  </datafield>
  <datafield tag="506" ind1=" " ind2=" ">
    <subfield code="a">by-nc-sa</subfield>
    <subfield code="b">Creative Commons</subfield>
    <subfield code="c">3.0</subfield>
    <subfield code="u">http://creativecommons.org/licenses/by-nc-sa/3.0/</subfield>
  </datafield>
  <datafield tag="520" ind1=" " ind2=" ">
    <subfield code="a">Introducción: El cáncer infantil es considerado la segunda causa de mortalidad en la edad pediátrica. Debido a los avances en la investigación, el número de supervivientes ha aumentado. Una de las complicaciones debido al cáncer y a su tratamiento, es la desnutrición, que repercute en la tolerancia y respuesta a los diferentes tratamientos oncológicos así como en la supervivencia. Objetivos: Estudiar los hábitos dietéticos de una muestra de niños diagnosticados de tumor sólido o leucemia, comparándolos con las recomendaciones vigentes y analizando las modificaciones alimentarias que se producen tras haberse establecido el diagnóstico y durante el tratamiento del mismo. Material y métodos: estudio transversal en el que se recogieron datos relativos a una muestra de 39 niños con tumor sólido o leucemia, durante los meses de mayo y junio. Las variables recogidas en este estudio son: variables epidemiológicas, variables de la historia dietética y variables antropométricas. Una vez recogido los datos, éstos fueron analizados mediante el programa IBM SPSS Statistic. Resultados: El consumo de cereales, frutas, verduras y hortalizas, frutos secos, legumbres, huevos y pescados antes y durante el tratamiento, no alcanza las recomendaciones establecidas establecidas por la Sociedad Española de Nutrición Comunitaria (SENC), encontrándose modificaciones entre ambos momentos. Se observó como el consumo de cereales, fruta y verduras antes y durante el tratamiento se relaciona de manera significativa con la calidad de la dieta saludable en el paciente oncológico pediátrico. En la antropometría, se encontraron diferencias significativas en cuanto al peso e IMC antes y durante el tratamiento, así como en el pliegue tricipital y el perímetro braquial y el riesgo nutricional de los pacientes. Éstas modificaciones en la antropometría están directamente relacionadas con el riesgo nutricional. Conclusión: Las recomendaciones de la SENC están muy lejos de la realidad en la dieta del paciente pediátrico oncológico, siendo más notable en determinados alimentos, debido al rechazo que producen algunos alimentos en cuanto a su sabor u olor. Esta situación favorece a la malnutrición antes del tratamiento. Sería interesante la realización de estudios que promuevan mejorar la calidad de la dieta durante el tratamiento.&lt;br /></subfield>
  </datafield>
  <datafield tag="521" ind1=" " ind2=" ">
    <subfield code="a">Máster Universitario en Condicionantes Genéticos, Nutricionales y Ambientales del Crecimiento y Desarrollo</subfield>
  </datafield>
  <datafield tag="540" ind1=" " ind2=" ">
    <subfield code="a">Derechos regulados por licencia Creative Commons</subfield>
  </datafield>
  <datafield tag="700" ind1=" " ind2=" ">
    <subfield code="a">García Jiménez, María Concepción</subfield>
    <subfield code="e">dir.</subfield>
  </datafield>
  <datafield tag="700" ind1=" " ind2=" ">
    <subfield code="a">Castejón Ponce, Esperanza</subfield>
    <subfield code="e">dir.</subfield>
  </datafield>
  <datafield tag="710" ind1="2" ind2=" ">
    <subfield code="a">Universidad de Zaragoza</subfield>
    <subfield code="b"> </subfield>
    <subfield code="c"></subfield>
  </datafield>
  <datafield tag="856" ind1="0" ind2=" ">
    <subfield code="f">651572@celes.unizar.es</subfield>
  </datafield>
  <datafield tag="856" ind1="4" ind2=" ">
    <subfield code="s">4647527</subfield>
    <subfield code="u">http://zaguan.unizar.es/record/111120/files/TAZ-TFM-2018-185.pdf</subfield>
    <subfield code="y">Memoria (spa)</subfield>
  </datafield>
  <datafield tag="909" ind1="C" ind2="O">
    <subfield code="o">oai:zaguan.unizar.es:111120</subfield>
    <subfield code="p">driver</subfield>
    <subfield code="p">trabajos-fin-master</subfield>
  </datafield>
  <datafield tag="950" ind1=" " ind2=" ">
    <subfield code="a"></subfield>
  </datafield>
  <datafield tag="980" ind1=" " ind2=" ">
    <subfield code="a">TAZ</subfield>
    <subfield code="b">TFM</subfield>
    <subfield code="c">MED</subfield>
  </datafield>
  <datafield tag="999" ind1=" " ind2=" ">
    <subfield code="a">20180626121705.CREATION_DATE</subfield>
  </datafield>
  <datafield tag="951" ind1=" " ind2=" ">
    <subfield code="a">deposita:2022-03-09</subfield>
  </datafield>
</record>
</collection>